[Event "1. liga - západ"]
[Site "Praha"]
[Date "2017.11.12"]
[Round "2.8"]
[White "Slampa, Jan"]
[Black "Benes, Petr"]
[Result "1-0"]
[BlackElo "2039"]
[WhiteElo "2203"]
[WhiteTeam "Bartos Unichess"]
[BlackTeam "DP Praha"]
[LiveChessVersion "1.4.8"]

1. d4 Nf6 2. c4 g6 3. Nc3 Bg7 4. e4 d6 5. f3 O-O 6. Be3 Nc6 7. Nge2 a6 8. Qd2 Rb8
9. Nc1 Re8 10. Nb3 b6 11. Be2 e5 12. d5 Ne7 13. g4 h5 14. h3 Kh8 15. Bg5 Nh7 16.
gxh5 gxh5 17. O-O-O Rg8 18. Rdg1 Qf8 19. f4 f6 20. h4 fxg5 21. fxg5 Qf4 22. Bxh5
Bd7 23. Qxf4 exf4 24. Ne2 Rgf8 25. Nbd4 Be5 26. g6 Nxg6 27. Rxg6 Be8 28. Ne6 Bxg6
29. Bxg6 f3 30. N2d4 f2 31. Nf5 Rf6 32. h5 Rg8 33. Rf1 Nf8 34. Nxf8 Rfxf8 35.
Rxf2 Bf6 36. Kc2 Bh4 37. Rg2 Bd8 38. Kd3 Bf6 39. b4 Ra8 40. Nh6 Rg7 41. a4 a5 42.
b5 Rf8 43. Nf5 Rd7 44. Rf2 Be5 45. Ke2 Bg7 46. Rg2 Bb2 47. Rg4 Be5 48. h6 Rg8 49.
Kf3 Bb2 50. h7 Rf8 51. Ke2 Bf6 52. Ne3 Bd4 53. Nf5 Bf6 54. Kd3 Bb2 55. Nh4 Rg7
56. Rg2 Be5 57. Nf5 Rd7 58. Rg1 Bb2 59. Rh1 Bf6 60. Rh3 Be5 61. Nh4 Rg7 62. Bf5
Rf6 63. Nf3 Rg2 64. Rh5 Bf4 65. Nd4 Rh6 66. Rxh6 Bxh6 67. Ne6 Rg3+ 68. Ke2 Rc3
69. Nd8 Kg7 70. Nf7 1-0